| 000 | 01550nam a2200385Ia 4500 | ||
|---|---|---|---|
| 001 | ebr10598003 | ||
| 003 | CaPaEBR | ||
| 006 | m u | ||
| 007 | cr cn||||||||| | ||
| 008 | 910906c19921991gw a sb 001 0 eng d | ||
| 010 | _z 91034452 | ||
| 020 | _z3110127415 (alk. paper) | ||
| 020 | _z0899257763 (alk. paper) | ||
| 020 | _z9783110127416 | ||
| 020 | _z9783110883534 | ||
| 040 |
_aCaPaEBR _cCaPaEBR |
||
| 035 | _a(OCoLC)815506965 | ||
| 050 | 1 | 4 |
_aPE262 _b.C64 1992eb |
| 100 | 1 |
_aColman, Fran, _d1949- |
|
| 245 | 1 | 0 |
_aMoney talks _h[electronic resource] : _breconstructing Old English / _cby Fran Colman. |
| 260 |
_aBerlin ; _aNew York : _bMouton de Gruyter, _c1992, c1991. |
||
| 300 |
_aviii, 391 p. : _bill. |
||
| 440 | 0 |
_aTrends in linguistics. _pStudies and monographs ; _v56 |
|
| 504 | _aIncludes bibliographical references (p. [363]-381) and indexes. | ||
| 533 |
_aElectronic reproduction. _bPalo Alto, Calif. : _cebrary, _d2011. _nAvailable via World Wide Web. _nAccess may be limited to ebrary affiliated libraries. |
||
| 650 | 0 |
_aEnglish language _yOld English, ca. 450-1100 _xEtymology _xNames. |
|
| 650 | 0 |
_aEnglish language _yOld English, ca. 450-1100 _xPhonology. |
|
| 650 | 0 |
_aNames, Personal _xEnglish (Old) |
|
| 650 | 0 |
_aNumismatics _zEngland. |
|
| 650 | 0 | _aCoins, Anglo-Saxon. | |
| 650 | 0 | _aAnglo-Saxons. | |
| 655 | 7 |
_aElectronic books. _2local |
|
| 710 | 2 | _aebrary, Inc. | |
| 856 | 4 | 0 |
_uhttp://site.ebrary.com/lib/rucke/Doc?id=10598003 _zAn electronic book accessible through the World Wide Web; click to view |
| 999 |
_c213187 _d213187 |
||